01806nab a2200241uuc4500001000800000005001700008008004100025035001200066040001300078041000800091100005400099245007000153336009100223520094300314650003501257650002501292650003501317650003501352700004901387773009901436942001001535999001901545156552920240202134531.0211209m01uu2019 spa  a1565529 ccomduadb aspa10aGarcía Espinosa, Juan Carlos 4auteaut980399610aValor de ajuste del índice de fugas de agua en infraestructuras atextobtxt0(uri)http://www.rdaregistry.info/termList/RDAContentType/#10202rdacontent3 aRESUMEN: En la actualidad se estima que un 85% de la población tiene acceso a un servicio adecuado de agua potable; sin embargo, cerca de un 40% no es registrada o facturada, debido a pérdidas, fugas o tomas clandestinas, lo que constituye un problema en la gestión y distribución de agua para consumo humano. Una manera de determinar la eficiencia del sistema es basándose en los valores de los caudales de fuga, teniendo como principal indicador el índice de fuga estructural (IFE), que permite medir la efectividad de actividades de mantenimiento de la red. En países desarrollados este índice es considerado, con un valor de presión promedio durante las 24 horas del día; pero la realidad de países en vías de desarrollo es otra, por lo que en este trabajo se presentan dos alternativas para la corrección del IFE, basándose en datos estadísticos del agua no contabilizada de una población ecuatoriana. aAgua potable - Ecuador9121374 aFugas de agua947235 aDistribución del agua943558 aInfraestructura social911750010aBenavides Muñoz, Holger 4auteaut98043910 tDYNA (Medellín)gVolumen 086, Número 208, Enero de 2019, 316-320w188384x0012-7353082258 cARIMP c831717d831717